ESSENCE OF HORTICULTURE (Record no. 290871)

MARC details
000 -LEADER
fixed length control field 00394pam a2200145a 44500
008 - FIXED-LENGTH DATA ELEMENTS--GENERAL INFORMATION
fixed length control field 230405s2018 xxu||||| |||| 00| 0 eng d
041 ## - LANGUAGE CODE
Language code of text/sound track or separate title ENG
100 ## - MAIN ENTRY--PERSONAL NAME
Personal name PATIL MS
245 ## - TITLE STATEMENT
Title ESSENCE OF HORTICULTURE
250 ## - EDITION STATEMENT
Edition statement REV.2018 Ed.
260 ## - PUBLICATION, DISTRIBUTION, ETC.
Place of publication, distribution, etc. NEW DELHI
Name of publisher, distributor, etc. NEW INDIA PUBLISING AGENCY
Date of publication, distribution, etc. 2018
300 ## - PHYSICAL DESCRIPTION
Extent 639p.
440 ## - SERIES STATEMENT/ADDED ENTRY--TITLE
Title BHARATI GRAHAK BHANDAR PUNE. B-4315, DT-23/10/2018
906 ## - LOCAL DATA ELEMENT F, LDF (RLIN)
a 1993
Holdings
Withdrawn status Lost status Damaged status Not for loan Collection Home library Current library Date acquired Total Checkouts Barcode Date last seen Price effective from Koha item type Date last checked out Shelving location
          Loknete Mohanrao Kadam College of Agriculture, Kadegaon, Sangli Loknete Mohanrao Kadam College of Agriculture, Kadegaon, Sangli 30/07/2018   AGK-5195 25/06/2026 17/04/2023 Book    
          Loknete Mohanrao Kadam College of Agriculture, Kadegaon, Sangli Loknete Mohanrao Kadam College of Agriculture, Kadegaon, Sangli 30/07/2018 2 AGK-5194 06/06/2026 17/04/2023 Book 22/05/2026  
          Loknete Mohanrao Kadam College of Agriculture, Kadegaon, Sangli Loknete Mohanrao Kadam College of Agriculture, Kadegaon, Sangli 30/07/2018 1 AGK-5193 14/05/2026 17/04/2023 Book 30/04/2026  
          Loknete Mohanrao Kadam College of Agriculture, Kadegaon, Sangli Loknete Mohanrao Kadam College of Agriculture, Kadegaon, Sangli 30/07/2018   AGK-5192 18/12/2025 17/04/2023 Book    
          Loknete Mohanrao Kadam College of Agriculture, Kadegaon, Sangli Loknete Mohanrao Kadam College of Agriculture, Kadegaon, Sangli 30/07/2018 2 AGK-5191 16/05/2026 17/04/2023 Book 30/04/2026